Sul Nilo dal delta alle sorgenti : (Egitto, Sudan, Uganda, Kenia) /

محفوظ في:

المؤلف الرئيسي: Cipolla, Arnaldo, 1877-1938. (مؤلف)

التنسيق: كتاب

اللغة: Italian

منشور في: Torino : G.B. Paravia and Co., 1930.

الموضوعات:

الوسوم: إضافة وسم

لا توجد وسوم, كن أول من يضع وسما على هذه التسجيلة!

رقم الطلب: DT425 .C58 1930

LEADER 00619nam a22001937a 4500
003 OSt
005 20260420190343.0
008 260420t1930 it bf 000 0 ita d
040 |c ARCE Library 
043 |a fe----- 
050 1 4 |a DT425  |b .C58 1930 
100 1 |a Cipolla, Arnaldo,   |d 1877-1938.  |e author 
245 1 0 |a Sul Nilo dal delta alle sorgenti :   |b (Egitto, Sudan, Uganda, Kenia) /   |c Arnaldo Cipolla. 
264 1 |a Torino :   |b G.B. Paravia and Co.,   |c 1930. 
300 |a 325 pages :   |b plates, folded map ;   |c 20 cm. 
651 0 |a Africa, East  |x Description and travel. 
901 |a reviewed 
942 |c BK  |2 lcc 
999 |c 19247  |d 19247